<?xml version="1.0" encoding="UTF-8"?><?xml-stylesheet type="text/xsl" href="static/style.xsl"?><OAI-PMH xmlns="http://www.openarchives.org/OAI/2.0/" xmlns:xsi="http://www.w3.org/2001/XMLSchema-instance" xsi:schemaLocation="http://www.openarchives.org/OAI/2.0/ http://www.openarchives.org/OAI/2.0/OAI-PMH.xsd"><responseDate>2026-04-13T09:56:33Z</responseDate><request verb="GetRecord" identifier="oai:www.recercat.cat:2099.1/11428" metadataPrefix="marc">https://recercat.cat/oai/request</request><GetRecord><record><header><identifier>oai:recercat.cat:2099.1/11428</identifier><datestamp>2025-07-23T06:29:08Z</datestamp><setSpec>com_2072_1033</setSpec><setSpec>col_2072_452951</setSpec></header><metadata><record xmlns="http://www.loc.gov/MARC21/slim" xmlns:dcterms="http://purl.org/dc/terms/" xmlns:xsi="http://www.w3.org/2001/XMLSchema-instance" xmlns:doc="http://www.lyncode.com/xoai" xsi:schemaLocation="http://www.loc.gov/MARC21/slim http://www.loc.gov/standards/marcxml/schema/MARC21slim.xsd">
   <leader>00925njm 22002777a 4500</leader>
   <datafield ind2=" " ind1=" " tag="042">
      <subfield code="a">dc</subfield>
   </datafield>
   <datafield ind2=" " ind1=" " tag="720">
      <subfield code="a">García Moreno, Yolanda</subfield>
      <subfield code="e">author</subfield>
   </datafield>
   <datafield ind2=" " ind1=" " tag="260">
      <subfield code="c">2011-01-12</subfield>
   </datafield>
   <datafield ind2=" " ind1=" " tag="520">
      <subfield code="a">Avui dia, les flors estan guanyant importància a la nostra alimentació. Es coneixen els beneficis que poden aportar a l’organisme.&#xd;
Per evitar la degradació de les cèl·lules, tradicionalment s’han utilitzat antioxidants sintètics que redueixen la oxidació lipídica. A l’actualitat, existeix una tendència a substituir aquestes substàncies per antioxidants naturals.&#xd;
Les roses són de les flors més utilitzades a l’alimentació i de le més estudiades.&#xd;
L’objectiu principal del projecte es basa en l’estudi de l’activitat antioxidant i antirradicalària de diferents tipus de roses, amb diversos colors, mitjançant els mètodes de Folin-cicloalteau, TEAC y ORAC.&#xd;
També, analitzar la quantitat de flavonoides totals i antocianines totals que tenen els diferents extractes. I relacionar el color del pètal de rosa amb l’activitat antioxidant de la mostra.</subfield>
   </datafield>
   <datafield tag="653" ind2=" " ind1=" ">
      <subfield code="a">Àrees temàtiques de la UPC::Enginyeria química::Química orgànica</subfield>
   </datafield>
   <datafield tag="653" ind2=" " ind1=" ">
      <subfield code="a">Antioxidants</subfield>
   </datafield>
   <datafield tag="653" ind2=" " ind1=" ">
      <subfield code="a">Flowers</subfield>
   </datafield>
   <datafield tag="653" ind2=" " ind1=" ">
      <subfield code="a">Antioxidants</subfield>
   </datafield>
   <datafield tag="653" ind2=" " ind1=" ">
      <subfield code="a">Roses</subfield>
   </datafield>
   <datafield ind2="0" ind1="0" tag="245">
      <subfield code="a">Estudio de la actividad antioxidante de pétalos de rosa</subfield>
   </datafield>
</record></metadata></record></GetRecord></OAI-PMH>